Viñetas
Uloženo v:
| Hlavní autor: | |
|---|---|
| Médium: | Kniha |
| Jazyk: | španělština |
| Vydáno: |
Santiago
Cruz del Sur
1942
|
| Edice: | Colección de Autores Chilenos
|
| Témata: | |
| Tagy: |
Přidat tag
Žádné tagy, Buďte první, kdo vytvoří štítek k tomuto záznamu!
|
MARC
| LEADER | 00000nam a2200000 a 4500 | ||
|---|---|---|---|
| 001 | UCY9716 | ||
| 003 | CL-VaPUC | ||
| 008 | 950720e19420000CL |||||||||||||||||spa|d | ||
| 082 | 0 | 4 | |a Ch861 |b BUL |2 21 |
| 100 | 0 | |a Bulnes, Alfonso |e author |9 342261 | |
| 245 | 1 | 0 | |a Viñetas |
| 300 | |a 127 p | ||
| 942 | |c BK | ||
| 945 | |d 19950720 00:00:00 |a rbrito | ||
| 260 | |a Santiago |b Cruz del Sur |c 1942 | ||
| 650 | 0 | |a Poesías chilenas |9 265280 | |
| 583 | |a last modification |c 19950720 00:00:00 |k Rodrigo Vera | ||
| 490 | 0 | |a Colección de Autores Chilenos | |
| 999 | |c 236758 |d 236756 | ||
| 952 | |0 0 |1 0 |4 0 |6 CH_861_000000000000000_BUL_1942 |7 0 |8 A |9 245081 |a BIBEDU |b BIBEDU |d 2019-11-18 |i 3103587 |o Ch861 BUL 1942 |p 3103587 |r 2019-11-18 |w 2019-11-18 |y BK |k LIT | ||